000 00579nam a2200217Ia 4500
005 20250508170138.0
008 008 250505s9999 xx 000 0 eng d
020 _a978-1-138-56567-8
037 _aTextBook
040 _aFEDL
_beng
_cFEDL
041 _aeng
_2eng
084 _a150.3, RIC/R
_qFEDL
100 _aRichards Graham
245 0 _aPsycology: The key concepts
260 _aLondon, UK
_bRoutedtge
_c2009
300 _axv, 264p.
365 _aINR
_b995
546 _aIndian reprint, 2018
942 _cTB
_h150.3, RIC/R
999 _c1399446
_d1399446